| 000 | 00389nam a22001457a 4500 | ||
|---|---|---|---|
| 003 | OSt | ||
| 008 | 230221b |||||||| |||| 00| 0 eng d | ||
| 041 | _amal | ||
| 082 |
_a894.812 3 _bKHA/AR |
||
| 100 |
_aKhadar, U.A _aഖാദർ യൂ എ _95396 |
||
| 245 |
_aArabikkadaloram _bഅറബിക്കടലോരം |
||
| 260 |
_aThiruvananthapuram _c2019 |
||
| 300 | _a280 | ||
| 942 | _cBK | ||
| 999 |
_c17624 _d17624 |
||